Uslar Pietri : (Record no. 2673)
[ view plain ]
| 000 -CABECERA | |
|---|---|
| campo de control de longitud fija | 00855cam a2200229 a 4500 |
| 001 - NÚMERO DE CONTROL | |
| campo de control | 000002839 |
| 005 - FECHA Y HORA DE LA ÚLTIMA TRANSACCIÓN | |
| campo de control | 20200929150252.0 |
| 008 - DATOS DE LONGITUD FIJA--INFORMACIÓN GENERAL | |
| campo de control de longitud fija | 740930s1969 ve b 000 fbspa |
| 040 ## - FUENTE DE LA CATALOGACIÓN | |
| Centro catalogador/agencia de origen | DO-SdBNP |
| Centro/agencia transcriptor | TxDaM |
| Centro/agencia modificador | OCoLC |
| -- | DLC |
| 082 ## - NÚMERO DE LA CLASIFICACIÓN DECIMAL DEWEY | |
| Número de clasificación | V863.44 |
| Número de documento/Ítem | U86M |
| 100 1# - ENTRADA PRINCIPAL--NOMBRE DE PERSONA | |
| Nombre de persona | Miliani, Domingo. |
| Fechas asociadas al nombre | 1929- |
| 9 (RLIN) | 8986 |
| 245 10 - MENCIÓN DE TÍTULO | |
| Título | Uslar Pietri : |
| Resto del título | renovador del cuento venezolano / |
| Mención de responsabilidad, etc. | Domingo Miliani. |
| 260 ## - PUBLICACIÓN, DISTRIBUCIÓN, ETC. | |
| Lugar de publicación, distribución, etc. | Caracas : |
| Nombre del editor, distribuidor, etc. | Monte Ávila, |
| Fecha de publicación, distribución, etc. | 1969. |
| 300 ## - DESCRIPCIÓN FÍSICA | |
| Extensión | 183 p. ; |
| Dimensiones | 19 cm. |
| 440 #0 - MENCIÓN DE SERIE/PUNTO DE ACCESO ADICIONAL--TÍTULO | |
| Título | Estudios |
| 9 (RLIN) | 3854 |
| 502 ## - NOTA DE TESIS | |
| Nota de tesis | Tesis--Universidad Nacional Autónoma de México, 1966. |
| 504 ## - NOTA DE BIBLIOGRAFÍA, ETC. | |
| Nota de bibliografía, etc. | Bibliografías: p. 151-183. |
| 600 10 - PUNTO DE ACCESO ADICIONAL DE MATERIA--NOMBRE DE PERSONA | |
| Nombre de persona | Uslar Pietri, Arturo, |
| Fechas asociadas al nombre | 1906-2001. |
| Subdivisión general | CRÍTICA E INTERPRETACIÓN |
| 9 (RLIN) | 8987 |
| 650 #4 - PUNTO DE ACCESO ADICIONAL DE MATERIA--TÉRMINO DE MATERIA | |
| Término de materia o nombre geográfico como elemento de entrada | Cuentos venezolanos |
| Subdivisión general | Historia y crítica. |
| 9 (RLIN) | 8982 |
| 650 #4 - PUNTO DE ACCESO ADICIONAL DE MATERIA--TÉRMINO DE MATERIA | |
| Término de materia o nombre geográfico como elemento de entrada | Literatura venezolana |
| Subdivisión general | Crítica e interpretación |
| 9 (RLIN) | 8988 |
| 910 ## - DATOS DE OPCIÓN DEL USUARIO (OCLC) | |
| Datos de opción del usuario | Catalogación por copia / LC |
| Estado de retiro | Estado de pérdida | Restricciones de uso | No para préstamo | Código de colección | Localización permanente | Ubicación/localización actual | Ubicación en estantería | Fecha de adquisición | Número de inventario | Total de préstamos | Signatura topográfica completa | Código de barras | Fecha visto por última vez | Precio válido a partir de | Tipo de ítem Koha | Número de copia |
|---|---|---|---|---|---|---|---|---|---|---|---|---|---|---|---|---|
| Préstamo interno | Monografías: Libros y Folletos | General | General | En catalogación | 03.07.2009 | LF1 | V863.44 U86M | 2839-10 | 25.06.2020 | 25.06.2020 | Préstamo interno | |||||
| Préstamo restringido | Préstamo restrigido | Monografías: Libros y Folletos | General | General | En catalogación | 09.12.2010 | LF1 | V863.44 U86M | 2839-20 | 25.06.2020 | 25.06.2020 | Préstamo interno | e.2 |
